LEADER 01269nam 2200421 450 001 9910555034603321 005 20191017142213.0 010 $a1-119-66284-2 010 $a1-119-47680-1 010 $a1-119-66267-2 035 $a(CKB)4100000009374685 035 $a(MiAaPQ)EBC5904685 035 $a(EXLCZ)994100000009374685 100 $a20191017d2019 uy 0 101 0 $aeng 135 $aurcnu|||||||| 181 $ctxt$2rdacontent 182 $cc$2rdamedia 183 $acr$2rdacarrier 200 14$aThe Vlasov equation$h1$iHistory and general properties. /$fDaniele Del Sarto, Pierre Bertrand, Alain Ghizzo 210 1$aLondon, England ;$aHoboken, New Jersey :$cISTE :$cWiley,$d[2019] 210 4$dİ2019 215 $a1 online resource (321 pages) 311 $a1-78630-261-6 606 $aPlasma (Ionized gases)$xMathematical models 608 $aElectronic books. 615 0$aPlasma (Ionized gases)$xMathematical models. 676 $a530.440724 700 $aBertrand$b Pierre$01219411 702 $aDel Sarto$b Daniele 702 $aGhizzo$b Alain 801 0$bMiAaPQ 801 1$bMiAaPQ 801 2$bMiAaPQ 906 $aBOOK 912 $a9910555034603321 996 $aThe Vlasov equation$92819623 997 $aUNINA